000 00502nam a2200193Ia 4500
003 GCL
008 140319s9999 xx 000 0 eng d
040 _aGCL /
_cGCL
082 0 4 _a937.02
_bCC
100 1 _aMAGNIEN, MICHEL (TRANS.)
245 1 0 _aLES CATILINAIRES ORATIONES IN CATILINAM /
_cMAGNIEN, MICHEL (TRANS.)
700 1 _aCICERON
260 _a[S.N] :
_bLE LIVRE DE POCHE ،
_c1992
300 _a322
650 0 4 _aHISTORY
650 0 4 _aROMAN EMPIRE
650 0 4 _aROMAN
942 _2ddc
_cBK
999 _c25374
_d25374